|
|
|
|
| LEADER |
00000nab a2200000 a 4500 |
| 001 |
vtls009142575 |
| 003 |
SK-MaSNL |
| 005 |
20260426090148.0 |
| 008 |
250507c2007 xo zr|p|||||||000 b|slo |
| 015 |
|
|
|a SNBRB2007/09
|2 snkbucl
|
| 035 |
|
|
|a (uuid)f2a24271-2d5d-44be-ba0f-1e001cbc9de9
|
| 035 |
|
|
|a urn:nbn:sk:snk-abadln
|
| 035 |
|
|
|a (urnnbn)urn:nbn:sk:snk:ar-008e3x
|
| 038 |
|
|
|a SNKBUCL
|
| 040 |
|
|
|a SNKBUCL
|b slo
|c SNKBUCL
|e AACR2
|
| 041 |
0 |
|
|a slo
|
| 044 |
|
|
|a xo
|c SK
|
| 080 |
|
|
|a 725.2
|x (437.6)
|2 2001
|
| 080 |
|
|
|a 69:06.063
|x (437.6)
|2 2001
|
| 080 |
|
|
|a 72:06.063
|x (437.6)
|2 2001
|
| 245 |
0 |
0 |
|a Digital Park Einsteinova Bratislava, Einsteinova ul.
|
| 300 |
|
|
|b Fotogr.
|
| 500 |
|
|
|a Architekti: Peter Vavrica, Martin Vodrážka, Tomáš Papp
|
| 610 |
2 |
7 |
|a Digital Park Einsteinova (Bratislava, Slovensko)
|x architektúra
|2 snkbucl
|9 1284097
|
| 611 |
2 |
7 |
|a Stavba roka
|n (13. :
|d 2007 :
|c Slovensko)
|2 snkbucl
|9 1031943
|
| 650 |
0 |
7 |
|a biznis centrá
|2 snkbucl
|9 1035796
|
| 650 |
0 |
7 |
|a administratívne budovy
|2 snkbucl
|9 2988
|
| 651 |
|
7 |
|a Bratislava (Slovensko)
|2 snkbucl
|9 14568
|
| 773 |
0 |
|
|t Eurostav
|g Roč. 13, č. 5 (2007), s. 112-113
|x 1335-1249
|
| 850 |
|
|
|a Slovenská národná knižnica
|
| 852 |
|
|
|a Slovenská národná knižnica
|
| 954 |
|
|
|a odborná, vedecká literatúra pôvodná (slovenská)
|2 lita
|
| 958 |
|
|
|a article14
|
| 958 |
|
|
|a OND
|
| 958 |
|
|
|a SK
|
| 958 |
|
|
|a EUIPO
|
| 999 |
|
|
|c 2981521
|d 2983451
|